The sissy duckling /
Guardat en:
| Autors principals: | , |
|---|---|
| Format: | Llibre |
| Idioma: | anglès |
| Publicat: |
New York :
Aladdin,
c2002
|
| Etiquetes: |
Sense etiquetes, Sigues el primer a etiquetar aquest registre!
|
MARC
| LEADER | 00000nam a22000007i 4500 | ||
|---|---|---|---|
| 001 | IT\ICCU\UBO\3502303 | ||
| 003 | ItRI | ||
| 005 | 20260115231820.0 | ||
| 008 | 081014s2002 xxu|||||| ||||| |||||c | ||
| 020 | |a 0689835663 | ||
| 040 | |b ita |c importazione bologna sebina | ||
| 041 | 7 | |a eng |2 ISO-639-2 | |
| 100 | 1 | |a Fierstein, Harvey |0 IT\ICCU\UBOV\271114 |4 aut | |
| 245 | 1 | 4 | |a The sissy duckling / |c by Harvey Fierstein ; illustrated by Henry Cole. |
| 260 | |a New York : |b Aladdin, |c c2002 | ||
| 300 | |a 1 v. : |b ill. ; |c 21x27 cm. | ||
| 700 | 1 | |a Cole, Henry |0 IT\ICCU\SBLV\298014 |4 aut | |
| 942 | |2 ddc |c BK |n 0 | ||
| 952 | |0 0 |1 0 |4 0 |6 R_741_642000000000000_FIE |7 0 |9 13358 |a BO |b BO |d 2026-01-15 |i 12183 |l 0 |o R 741.642 FIE |p BO12183 |r 2026-01-15 23:18:20 |w 2026-01-15 |x [Sebina 5] [1 v.] |y BK |z 1 v. | ||
| 952 | |0 0 |1 0 |4 0 |6 R_741_642000000000000_FIE |7 0 |9 13359 |a BO |b BO |d 2026-01-15 |i 12987 |l 0 |o R 741.642 FIE |p BO12987 |r 2026-01-15 23:18:20 |w 2026-01-15 |x [Sebina 5] [1 v.] |y BK |z 1 v. | ||
| 999 | |c 11477 |d 11477 | ||